[Event "Dimitrovgrad Teenagers op"]
[Site "Dimitrovgrad"]
[Date "2008.08.22"]
[Round "5"]
[White "Marizina, Yulia"]
[Black "Muraviev, Andrey"]
[Result "1-0"]
[WhiteElo "1728"]
[BlackElo "1811"]
[PlyCount "81"]
[EventDate "2008.08.20"]
[EventType "swiss"]
[EventRounds "8"]
[EventCountry "RUS"]
[SourceTitle "EXT 2022"]
[Source "ChessBase"]
[SourceDate "2021.10.06"]
[SourceVersion "1"]
[SourceVersionDate "2021.10.06"]
[SourceQuality "1"]

1. e4 e5 2. Nf3 Nc6 3. Bc4 Bc5 4. 0-0 Nf6 5. d3 d6 6. h3 Be6 7. Bb3 h6 8. Nc3 Qd7 9. Bxe6 fxe6 10. Na4 Bb6 11. Nxb6 axb6 12. Be3 0-0-0 13. c3 g5 14. Nh2 Rdg8 15. b4 h5 16. a4 g4 17. h4 g3 18. fxg3 Qg7 19. Bg5 Nh7 20. Nf3 Nd8 21. Qb3 Kd7 22. d4 exd4 23. cxd4 Nf7 24. Bf4 Nf6 25. Qc2 Ng4 26. e5 Nfh6 27. exd6 cxd6 28. Bxh6 Rxh6 29. Ng5 Qxd4+ 30. Kh1 Rf8 31. Nf3 Qd5 32. Rac1 Qc6 33. Qd2 Qd5 34. Qc3 Rhh8 35. Qc7+ Ke8 36. Qc8+ Kf7 37. Ng5+ Kg7 38. Nxe6+ Kh6 39. Nxf8 Ne3 40. Rf6+ Kg7 41. Rg6+ 1-0

[Event "Dimitrovgrad op"]
[Site "Dimitrovgrad"]
[Date "2008.08.10"]
[Round "9"]
[White "Nazarkina, Olga"]
[Black "Muraviev, Andrey"]
[Result "0-1"]
[WhiteElo "1789"]
[BlackElo "1811"]
[PlyCount "120"]
[EventDate "2008.08.05"]
[EventType "swiss"]
[EventRounds "9"]
[EventCountry "RUS"]
[SourceTitle "EXT 2022"]
[Source "ChessBase"]
[SourceDate "2021.10.06"]
[SourceVersion "1"]
[SourceVersionDate "2021.10.06"]
[SourceQuality "1"]

1. e4 e5 2. Nf3 Nc6 3. Bc4 Bc5 4. d3 Nf6 5. Bg5 h6 6. Bxf6 Qxf6 7. Nc3 Ne7 8. 0-0 d6 9. Nb5 Bb6 10. h3 c6 11. Nc3 Ng6 12. Ne2 h5 13. Qd2 Nf4 14. Nxf4 exf4 15. d4 0-0 16. e5 dxe5 17. dxe5 Qg6 18. Qxf4 Bxh3 19. Nh4 Qg4 20. Qxg4 Bxg4 21. Rfe1 Rad8 22. Bd3 Rfe8 23. Kf1 Bd4 24. f4 Bxb2 25. Rab1 Bc3 26. Re4 b5 27. Rb3 Ba5 28. a3 a6 29. a4 Ra8 30. axb5 axb5 31. Rb1 Bc3 32. Be2 Be6 33. Bxh5 Bd5 34. Ree1 Bxe1 35. Rxe1 Ra2 36. Rc1 c5 37. Nf5 b4 38. Nd6 Re7 39. Rd1 Bc6 40. Rc1 g6 41. Bg4 Rea7 42. Nc8 Bb5+ 43. Ke1 R7a3 44. Nd6 Ba4 45. Kd2 Rc3 46. e6 Raxc2+ 47. Rxc2 Rxc2+ 48. Ke3 fxe6 49. Bxe6+ Kh7 50. g4 b3 51. f5 b2 52. fxg6+ Kxg6 53. Bf5+ Kg5 54. Ne4+ Kh4 55. Nd2 Rc1 56. Nf3+ Kg3 57. Nd2 Bc2 58. Bxc2 Rxc2 59. Nb1 Rc1 60. Na3 b1Q 0-1

[Event "Dimitrovgrad op"]
[Site "Dimitrovgrad"]
[Date "2008.08.09"]
[Round "8"]
[White "Muraviev, Andrey"]
[Black "Egorova, Natalia"]
[Result "1/2-1/2"]
[WhiteElo "1811"]
[BlackElo "1682"]
[PlyCount "92"]
[EventDate "2008.08.05"]
[EventType "swiss"]
[EventRounds "9"]
[EventCountry "RUS"]
[SourceTitle "EXT 2022"]
[Source "ChessBase"]
[SourceDate "2021.10.06"]
[SourceVersion "1"]
[SourceVersionDate "2021.10.06"]
[SourceQuality "1"]

1. e4 d5 2. exd5 Qxd5 3. Nc3 Qd6 4. d4 a6 5. Nf3 Nf6 6. Be2 Nc6 7. h3 b5 8. a3 Bb7 9. 0-0 h6 10. Be3 g5 11. Nh2 0-0-0 12. a4 b4 13. Na2 Nxd4 14. Bxd4 Qxd4 15. Qxd4 Rxd4 16. Nf3 Bxf3 17. Bxf3 e6 18. Rfd1 Rxd1+ 19. Rxd1 Bd6 20. c3 bxc3 21. Nxc3 Rd8 22. Kf1 Be5 23. Bb7+ Kxb7 24. Rxd8 Bxc3 25. bxc3 Nd5 26. Rf8 Nxc3 27. Rxf7 Nxa4 28. Rf6 Nc5 29. Rxh6 a5 30. Ke2 a4 31. Kd2 Kb6 32. h4 gxh4 33. Rxh4 Kb5 34. Kc2 Nb3 35. g4 c5 36. g5 Nd4+ 37. Rxd4 cxd4 38. g6 a3 39. g7 d3+ 40. Kxd3 a2 41. g8Q a1Q 42. Qe8+ Kc5 43. Qe7+ Kd5 44. Qd7+ Kc5 45. Qc7+ Kd5 46. Qc4+ Kd6 1/2-1/2

[Event "Dimitrovgrad op"]
[Site "Dimitrovgrad"]
[Date "2008.08.08"]
[Round "6"]
[White "Ulanov, Sergei"]
[Black "Muraviev, Andrey"]
[Result "1-0"]
[WhiteElo "2120"]
[BlackElo "1811"]
[PlyCount "129"]
[EventDate "2008.08.05"]
[EventType "swiss"]
[EventRounds "9"]
[EventCountry "RUS"]
[SourceTitle "EXT 2022"]
[Source "ChessBase"]
[SourceDate "2021.10.06"]
[SourceVersion "1"]
[SourceVersionDate "2021.10.06"]
[SourceQuality "1"]

1. e4 e5 2. Nf3 Nc6 3. Bb5 a6 4. Ba4 Nf6 5. d3 b5 6. Bb3 Be7 7. 0-0 d6 8. c3 Na5 9. Bc2 c5 10. Re1 0-0 11. Nbd2 Bd7 12. Nf1 Ne8 13. Ne3 Bc6 14. b4 Nb7 15. Bb2 Nc7 16. a3 Re8 17. bxc5 Nxc5 18. d4 Nd7 19. a4 Nf6 20. d5 Bd7 21. Nd2 Qb8 22. a5 Rc8 23. Ba3 b4 24. Bxb4 Nb5 25. Nec4 Ra7 26. Ba4 Rd8 27. Nb6 Rc7 28. Rc1 Be8 29. Qe2 Nd7 30. Bxb5 axb5 31. Qxb5 Nxb6 32. Qxb6 Rb7 33. Qe3 h6 34. Nf3 Rc8 35. Ra1 Bb5 36. Ra3 Ba6 37. g3 Kh7 38. Kg2 Qc7 39. Raa1 Qd7 40. h4 Kg8 41. Nh2 Kf8 42. Qf3 Kg8 43. Ng4 Bf8 44. Ne3 g6 45. Ng4 Kg7 46. h5 g5 47. Ne3 f6 48. Nf5+ Kf7 49. Qe3 Qc7 50. Rab1 Rcb8 51. Qc1 Rd8 52. Qa3 Rbb8 53. Rb2 Qd7 54. f3 Qc7 55. Reb1 Rbc8 56. Qa4 Qd7 57. Qxd7+ Rxd7 58. Kf2 Rcc7 59. Ke3 Rc4 60. Kd2 Rcc7 61. Ba3 Rc8 62. Rb6 Bc4 63. Bxd6 Ra8 64. Bxf8 Kxf8 65. Rxf6+ 1-0

[Event "Dimitrovgrad op"]
[Site "Dimitrovgrad"]
[Date "2008.08.07"]
[Round "4"]
[White "Muraviev, Andrey"]
[Black "Yakimkin, Igor"]
[Result "0-1"]
[WhiteElo "1811"]
[BlackElo "2121"]
[PlyCount "46"]
[EventDate "2008.08.05"]
[EventType "swiss"]
[EventRounds "9"]
[EventCountry "RUS"]
[SourceTitle "EXT 2022"]
[Source "ChessBase"]
[SourceDate "2021.10.06"]
[SourceVersion "1"]
[SourceVersionDate "2021.10.06"]
[SourceQuality "1"]

1. e4 c5 2. Nf3 Nc6 3. d4 cxd4 4. Nxd4 Nf6 5. Nc3 e5 6. Ndb5 d6 7. Nd5 Nxd5 8. exd5 Ne7 9. c4 Nf5 10. Be2 Be7 11. 0-0 0-0 12. Nc3 Bd7 13. Bg4 Rc8 14. Be2 a6 15. Re1 Nh4 16. b3 f5 17. f4 Qb6+ 18. Kf1 Bf6 19. Qc2 Rce8 20. Bd3 exf4 21. Bxf4 Qd4 22. Bd2 Qg4 23. Be3 Bxc3 0-1